Statistiques concernant Les championnats de football européen - Carte Quiz

Cliquez ici pour prendre le quiz!

Statistiques générales

  • Ce quiz a été pris 202 fois
  • Le résultat moyen est 10 sur 45

Réponses sur la Carte

Les réponses sont colorées sur une échelle allant du rouge au vert en fonction du pourcentage des utilisateurs qui les ont devinées à leur premier essai. Vous pouvez retrouver ces pourcentages ci-dessous.
 

Statistiques - réponses

Réponse% Correct
Premier League
81%
Eredivisie
80%
Ligue 1 Uber Eats
79%
Serie A TIM
79%
Liga Portugal bwin
78%
Bundesliga
75%
LaLiga Santander
68%
Scottish Premiership
61%
Jupiler Pro League
59%
Super liga Srbije
34%
Campionato Sammarinese
25%
Allsvenskan
22%
Super League
18%
Ekstraklasa
16%
Eliteserien
16%
Tipico Bundesliga
16%
Cymru Premier
15%
IFA Premiership
15%
Prva Makedonska Fudbalska Liga
15%
Airtricity League
12%
Superleague Elláda
12%
Superligaen
9%
Prva HNL
8%
Veikkausliiga
7%
Liga I
6%
Primera Divisió
6%
Prva Crnogorska Liga
5%
BGL Ligue
4%
BOV Premier League
4%
Premier-Liga
4%
Premier-Liha
4%
Kategoria Superiore
3%
Prva liga Telekom
3%
A Lyga
2%
BKT Superliga
2%
Fortuna Liga
2%
HET Liga
2%
Virslīga
2%
Vycheïchaïa Liha
2%
Meistriliiga
1%
Parva Liga
1%
Pepsi-deild karla
1%
Premijer Liga
1%
Super Liga
1%
OTP Bank Liga
0%

Distribution des résultats

Percentile par nombre de réponses

% des personnes avec chaque résultat

Votre développement - résultats

Vous n’avez pas pris ce quiz